1250 1847 1621 1087 1686 1075 1020 1199 1675 1778 1368 1930 1697 1075 1848 1040 1386 1637 1666 1564 1774 1025 1328 1096 1714 1281 1519 1201 1448 1989 1921 1393 1915 1315 1755 1933 1518 1321 1183 1849 1293 1979 1340 1029 1455 1083 1046 1684 1506 1543 1878 1788 1434 1242 1528 1514 1220 1635 1672 1348 1682 1503 1908 1691 1185 1674 1709 1459 1572 1760 1792 1922 1767 1573 1220 1565 1353 1631 1255 1675 1555 1503 1811 1406 1663 1483 1440 1466 1962 1646 1961 1083 1280 1575 1036 1975 1599 1855 1440 BCNSPRNW ULIB Ver.6.0+V

เปลี่ยนเป็นภาษาไทย

Change to English
 แสดงรายละเอียดบรรณานุกรม
  กลับหน้าหลัก

Brief Record : Get Marc (ISO 2709) : E-mail record : QR code < ปิดหน้าต่าง
LEADER : 00000nam 2200000uu 4500
001    13399115115
003     ULIB
008    020711s2548 th a 000 0 tha d
020    ^a9789741402847
082    ^aนว.^bซ331ก
100    ^aซี เอส ลูอิส
245    ^aกำเนิดนาร์เนีย (The Magician Nephew) (ปกแข็ง)/^cซี เอส ลูอิส
260    ^aกรุงเทพฯ :^bผีเสื้อ,^c2548
300    ^a240 หน้า
945    ^p273^l0^i020541
999    ^aวรรณษา ชูชัยมงคล
รายการนี้ยังไม่มีแท็ก
คุณยังไม่ได้ล็อกอิน คุณสามารถมีกิจกรรมร่วมกับเว็บไซต์ได้ แต่ต้องล็อกอินก่อน ::
  ล็อกอิน

รายการสื่อสารสนเทศ

ลำดับที่ ประเภท เลขเรียก/บาร์โค้ด สถานที่ สถานะ
- ไม่พบข้อมูล -

BibComment


ยังไม่เคยถูกคอมเมนท์

คอมเมนท์ทรัพยากรรายการนี้
  คอมเมนท์: กำเนิดนาร์เนีย T..


 Copyright 2026. Bcnsprnw @Library